|
|
|
|
| LEADER |
00000nam a2200000 a 4500 |
| 001 |
vtls001312205 |
| 003 |
SK-MaSNL |
| 005 |
20260301065411.0 |
| 008 |
240509s1997 xo a r eng |
| 015 |
|
|
|a SNBA1998/05-01542
|
| 020 |
|
|
|a 8070992964
|
| 035 |
|
|
|a SNK000264600
|
| 035 |
|
|
|a urn:nbn:sk:snk-amtjc8
|
| 035 |
|
|
|a urn:nbn:sk:snk-am00c6ho
|
| 035 |
|
|
|a 6D7B85FB-2A50-4BD2-889F-C816E460DEC8
|
| 040 |
|
|
|a SNK
|b slo
|c SNK
|e AACR2
|
| 041 |
0 |
|
|a eng
|
| 044 |
|
|
|a xo
|c SK
|
| 080 |
|
|
|a 802.0-316.4:62(075.8)
|2 1981
|
| 080 |
|
|
|a 62(075.8)=20
|2 1981
|
| 100 |
1 |
|
|a Pichaničová, Natália
|4 aut
|9 39549
|
| 245 |
1 |
0 |
|a Essential English for engineers
|b a course in English communication for students at the Faculty of manufacturing technologies in Prešov
|c Natália Pichaničová, Scott McLeod
|
| 260 |
|
|
|a [V Košiciach
|b Technická univerzita]
|c 1997
|
| 300 |
|
|
|a 90 s.
|b ilustr., sch.
|c 29 cm
|
| 500 |
|
|
|a Čiast. text slov.
|
| 500 |
|
|
|a 300 výt.
|
| 650 |
0 |
7 |
|a angličtina
|x texty odborné technické
|2 SNK
|9 384104
|
| 655 |
|
7 |
|a Textbooks (higher)
|2 SNKPHeng
|9 276436
|
| 655 |
|
7 |
|a učebnice vysokých škôl
|2 SNKPH
|9 70191
|
| 655 |
|
7 |
|a učebnice
|2 SNK
|9 22521
|
| 700 |
1 |
|
|a McLeod, Scott
|4 aut
|9 45665
|
| 752 |
|
|
|d Košice
|
| 919 |
|
|
|a 80-7099-296-4
|
| 958 |
|
|
|a TL
|
| 958 |
|
|
|a UV
|
| 958 |
|
|
|a OND
|
| 999 |
|
|
|c 630613
|d 632543
|
| 952 |
|
|
|t P60, <03>, [BOOK], {603}
|a SNK
|b SNK
|y PREZ
|7 0
|p 17A0108430
|o snkSB 57948
|i snkKSP 11761/97
|0 0
|1 0
|4 0
|d 1997-11-28
|f 1
|l 0
|r 2005-01-02 00:00:00
|w 2026-02-23
|
| 952 |
|
|
|t P60, <04>, [BOOK], {604}
|a SNK
|b SNK
|y VYP
|7 0
|p 17A0108429
|o snkSB 57948 D1
|i snkKSP 11762/97
|0 0
|1 0
|4 0
|d 1997-11-28
|l 0
|r 2005-01-02 00:00:00
|w 2026-02-23
|